000 00447cam a2200181ua 4500
020 _c21.00
041 _aeng
_h
082 _a501
_bLAN/MA
100 _aLangdon-davies, John .
245 _aMan : The Known ans unknown /
_cJohn Langdon-davies.
_hTextual Documents
250 _a1 /
_b.
260 _aLondon :
_bSeeker & Warbury ,
_c1960.
300 _a226 ; .
365 _a21.00
504 _a
942 _cBK
999 _c3214
_d3214